000 00477nam a2200181Ia 4500
008 100917s9999 xx 000 0 und d
082 _b3252
100 _aकानिटकर शं. के. (गिरिष)
245 _aअभागी कमळ
260 _b---
_c1923
300 _a92
365 _b2
520 _aकविता
630 _aअभागी कमळ
650 _aकविता
730 _aअभागी कमळ
942 _cBOOK
999 _c608646
_d608643